Catalog

Record Details

Catalog Search



The great commission lifestyle : conforming your life to kingdom priorities Cover Image Book Book

The great commission lifestyle : conforming your life to kingdom priorities Robert E. Coleman

Coleman, Robert E. (Author).

Record details

  • ISBN: 0-8007-5450-6
  • Physical Description: 126 p.
  • Edition: 1st ed.
  • Publisher: Grand Rapids, Michigan Fleming H. Revell 1992

Available copies

  • 1 of 1 copy available at Common Catalog SPOK.

Holds

  • 0 current holds with 1 total copy.
Show All Copies
Location Call Number / Copy Notes Barcode Shelving Location Status Due Date
ETS Library 266 424470003450 Volný výběr Available -

LDR 00735nam a2 00241
00134260
003CZ-PrJAB
00520030606000000.0
008030606s1992 xxu e |||| |eng
009us
020 . ‡a0-8007-5450-6
035 . ‡a(CONS)3342
035 . ‡aKPS4904
041 . ‡aeng
08214. ‡a266
100 . ‡7162 ‡aColeman, Robert E.
245 . ‡aThe great commission lifestyle : ‡bconforming your life to kingdom priorities ‡cRobert E. Coleman
250 . ‡a1st ed.
260 . ‡aGrand Rapids, Michigan ‡bFleming H. Revell ‡c1992
300 . ‡a126 p.
653 . ‡aThe great commission lifestyle ‡aconforming your life to kingdom priorities
8524 . ‡bETS ‡bETS ‡cVolný výběr ‡j266 ‡gA ‡p424470003450
910 . ‡aABG450
999 . ‡a3342 ‡bAUTOGEN ‡c3342 ‡tbiblio
905 . ‡uadmin
901 . ‡a34260 ‡b ‡c34260 ‡tbiblio ‡sets

Additional Resources